Leading towards placement/ (Record no. 193889)

MARC details
000 -LEADER
fixed length control field 00703nam a22002177a 4500
005 - DATE AND TIME OF LATEST TRANSACTION
control field 20231229165005.0
010 ## - LCCN (DPL NO)
LC control number ENG-135736
020 ## - INTERNATIONAL STANDARD BOOK NUMBER
Terms of availability 499 .00
International Standard Book Number 978-81-921580-4-4
035 ## - SYSTEM CONTROL NUMBER
System control number EN-119268
037 ## - SOURCE OF ACQUISITION
Source of stock number/acquisition DBAD/PUB
082 ## - DEWEY DECIMAL CLASSIFICATION NUMBER
Classification number 000
100 ## - MAIN ENTRY--PERSONAL NAME
Personal name Dixit, Ashish
245 ## - TITLE STATEMENT
Title Leading towards placement/
Statement of responsibility, etc Ashish Dixit...{et.al}
260 ## - PUBLICATION, DISTRIBUTION, ETC. (IMPRINT)
Place of publication, distribution, etc Hyderabad
Name of publisher, distributor, etc Winger Publications
Date of publication, distribution, etc 2012
270 ## - ADDRESS
Address 3-5-1105, 2nd floor, PVR Estates, behind Hero Honda Showroom, Narayaguda
City Hyderabad
Postal code 500029
300 ## - PHYSICAL DESCRIPTION
Extent 460p.
Dimensions 24cm(pbk)
700 ## - ADDED ENTRY--PERSONAL NAME
Personal name Nalina, Singh
9 (RLIN) 60481
700 ## - ADDED ENTRY--PERSONAL NAME
Personal name Dhoundiyal, Manoj
9 (RLIN) 60482
700 ## - ADDED ENTRY--PERSONAL NAME
Personal name Awasthi, Suneet Kumar
9 (RLIN) 60483
942 ## - ADDED ENTRY ELEMENTS (KOHA)
Source of classification or shelving scheme Dewey Decimal Classification
Item type English Books
Call number suffix DIX
Classification part 000
Holdings
Withdrawn status Lost status Not for loan Collection code Home library Current library Date acquired Source of acquisition Cost, normal purchase price Full call number Barcode Copy number Cost, replacement price Koha item type
      Non-fiction Ashok Vihar Ashok Vihar 21/11/2022 DBAD/PUB 499.00 000 DIX EN-119268 1 499.00 English Books

© Delhi Public Library
Hit Counter
free hit counter